000
00263nam a2200097Ia 4500
005
20250424112933.0
008
250424s9999 xx 000 0 und d
300
_a
320 p. :ill. ; 28 cm.
650
_a
Business--Periodicals. Accounting--Periodicals.
942
_c
SR
999
_c
37981
_d
37981